书目信息 |
| 题名: |
国产半导体收音机
|
|
| 作者: | 赵传珠、陈文节 编著 | |
| 分册: | 第一集 | |
| 出版信息: | 北京 人民邮电出版社 1965 |
|
| 页数: | 87页 | |
| 开本: | 25cm | |
| 丛书名: | ||
| 单 册: | ||
| 中图分类: | TN859 | |
| 科图分类: | ||
| 主题词: | 接收机 , 收音机 | |
| 电子资源: | ||
| ISBN: | ||
| 000 | 00649nam0 2200217 450 | |
| 001 | 0638123370 | |
| 005 | 20060808103752.25 | |
| 010 | @dCNY0.65 | |
| 091 | @a15054.总1524-无443 | |
| 100 | @a20060808d1965 km y0chiy0120 ea | |
| 101 | 0 | @achi |
| 102 | @aCN@b110000 | |
| 200 | 1 | @a国产半导体收音机@Aguo chan ban dao ti shou yin ji@h第一集@f赵传珠、陈文节 编著@Fzhao chuan zhu、chen wen jie bian zhu |
| 210 | @a北京@c人民邮电出版社@d1965 | |
| 215 | @a87页@d25cm | |
| 606 | 0 | @a接收机 |
| 606 | 0 | @a收音机 |
| 690 | @aTN859@v3 | |
| 701 | 0 | @a赵传珠、陈文节@Azhao chuan zhu、chen wen jie@4编著 |
| 801 | 0 | @aCN@bPFT@c20060808 |
| 905 | @a10447@dTN859@e59:1 | |
| 国产半导体收音机.第一集/赵传珠、陈文节 编著.-北京:人民邮电出版社,1965 |
| 87页;25cm |
| ISBN :CNY0.65 |
| ● |
| 相关链接 |
|
|
|
|
正题名:国产半导体收音机
索取号:TN859/59:1
 
预约/预借
| 序号 | 登录号 | 条形码 | 馆藏地/架位号 | 状态 | 备注 |
| 1 | 0451710 | 204517102 | 密集书库/ [索取号:TN859/59:1] | 在馆 |